[Event "COL-chT Interligas"]
[Site "Palmira"]
[Date "2019.04.29"]
[Round "6.4"]
[White "Velasquez Salazar, Albeiro"]
[Black "Renteria, Rolando"]
[Result "0-1"]
[WhiteElo "1654"]
[BlackElo "2044"]
[PlyCount "46"]
[EventDate "2019.04.27"]
[EventType "team-swiss"]
[EventRounds "6"]
[EventCountry "COL"]
[SourceTitle "CBM 190 Extra"]
[Source "ChessBase"]
[SourceDate "2019.07.15"]
[SourceVersion "1"]
[SourceVersionDate "2019.07.15"]
[SourceQuality "1"]
[WhiteTeam "Fuerzas Armadas"]
[BlackTeam "Valle Carlos Cuartas"]
[WhiteTeamCountry "COL"]
[BlackTeamCountry "COL"]

1. d4 Nf6 2. e3 g6 3. f4 Bg7 4. Nf3 0-0 5. Bd3 d6 6. 0-0 Nbd7 7. c3 e5 8. e4 Re8 9. fxe5 dxe5 10. Bg5 h6 11. Bh4 g5 12. Bg3 exd4 13. e5 Ng4 14. Qb3 Nc5 15. Qc2 Ne3 16. Qe2 Nxd3 17. Qxd3 Bf5 18. Qd2 Nxf1 19. Kxf1 dxc3 20. Qxd8 Raxd8 21. Nxc3 g4 22. Ne1 Bxe5 23. Bxe5 Rxe5 0-1